Statistics for Sherlock Holmes Trivia Quiz

Click here to take the quiz!

General Stats

  • This quiz has been taken 776 times
  • The average score is 14 of 26

Answer Stats

HintAnswer% Correct
Consulting detective?Sherlock Holmes
99%
Sidekick to the above?John Watson
96%
Brother of #1?Mycroft Holmes
94%
The name of 'The Woman'?Irene Adler
79%
Address of the home in which #1 and #2 live?221B Baker street
74%
Actor who plays #1 in the BBC series?Benedict Cumberbatch
73%
Name of the landlady at #9?Mrs Hudson
71%
Name of #1's enemy?James Moriarty
70%
Inspector at Scotland Yard who is friends with #1 and #2?Greg Lestrade
68%
Actor who plays #2 in the BBC series?Martin Freeman
67%
Author of the original books?Sir Arthur Conan Doyle
63%
Wife to the above?Mary Morstan
60%
In the BBC series of Sherlock, what is the name of the first episode?A Study In Pink
59%
#1's memory technique?Mind palace
54%
(Finish the quote) 'Im a high-functioning ___________'Sociopath
54%
Person who has a crush on #1?Molly Hooper
50%
Name of the episode in which #1 fakes his suicide?The Reichenbach Fall
45%
What is red beard?A dog
40%
Actor who plays #4 in the BBC series?Mark Gatiss
36%
(Finish the quote) 'I like my Doctors clean _______'Shaven
36%
Actor who plays #3 in the BBC series?Amanda Abbington
25%
How did #1 fake his own death in the BBC series?Jumped off of a building
20%
The twitter name of the above?The whip hand
18%
Actor who plays #5 in the BBC series?Rupert Graves
17%
Actor who plays #13 in the BBC series?Una Stubbs
17%
Name of the group of children who occassionally helped #1 out in the original novels?The Baker Street Irregulars
16%

Score Distribution

Percentile by Number Answered

Percent of People with Each Score

Your Score History

You have not taken this quiz